|
|
|
|
| LEADER |
00000nam0a2200000 4500 |
| 001 |
28497 |
| 005 |
20231030202842.0 |
| 010 |
|
|
|a 3797305125
|
| 035 |
|
|
|a (RuTPU)RU\TPU\book\28753
|
| 035 |
|
|
|a BOOK00028828
|
| 090 |
|
|
|a 28497
|
| 100 |
|
|
|a 20011209d1992 u y0gery50 ba
|
| 101 |
0 |
|
|a ger
|
| 102 |
|
|
|a DE
|
| 105 |
|
|
|a a 000|y
|
| 200 |
1 |
|
|a Tatsachen uber Deutschland
|
| 210 |
|
|
|a Frankfurt on Main
|c Societats-Verlag
|d 1992
|
| 215 |
|
|
|a 418 p.
|c il
|
| 610 |
1 |
|
|a география
|
| 610 |
1 |
|
|a Европа
|
| 610 |
1 |
|
|a Германия
|
| 610 |
1 |
|
|a страноведение
|
| 675 |
|
|
|a 91(4)
|v 3
|
| 801 |
|
0 |
|a DE
|b 63413507
|c 20011209
|g PSBO
|
| 801 |
|
2 |
|a RU
|b 63413507
|c 20150904
|g RCR
|
| 942 |
|
|
|c BK
|